| 000 | 01393cac a22002411u 4500 | ||
|---|---|---|---|
| 008 | 090902t2005 xxu||||| |||| 00| 0 eng d | ||
| 020 | _a0071247084 | ||
| 082 |
_222 _a660.2 _bSMI |
||
| 100 | 1 |
_aSmith, J. M. _98703 |
|
| 245 |
_aIntroduction to Chemical Engineering Thermodynamics / _cJ. M. Smith, H. C. van Ness, M. M. Abbott. |
||
| 250 |
_a7th ed. _bMcGraw Hill International Edition. |
||
| 260 |
_aBoston : _bMcGraw Hill, _cc2005. |
||
| 300 |
_axviii, 817 p. : _bill.; _c24 cm. |
||
| 504 | _aIncludes bibliographical references and index. | ||
| 650 | 0 |
_aChemical engineering. _98704 |
|
| 700 | 1 |
_aNess, H. C. van _98705 |
|
| 700 | 1 |
_aAbbott, M. M. _98706 |
|
| 942 |
_cBB _k660.2SMI _2ddc |
||
| 999 |
_c12738 _d12738 |
||